| 000 | 00463nam a2200157Ia 4500 | ||
|---|---|---|---|
| 008 | 231217s9999 xx 000 0 und d | ||
| 041 | _aEnglish | ||
| 082 | _a658.05 OBR1;62 | ||
| 100 | _aO'Brien, James A. | ||
| 245 | 0 | _aManagement information systems: Managing information technology in the internet worked enterprise | |
| 250 | _a4th ed. | ||
| 260 |
_c1999 _bGalgotia _aNew Delhi |
||
| 300 | _axxv, 814 | ||
| 650 | _aManagement,information | ||
| 942 | _cAA | ||
| 999 |
_c181944 _d181944 |
||